Italian Language Food - Drinks - Statistics

General Stats
  • This quiz has been taken 97 times
  • The average score is 15 of 19
Answer Stats
Hint Answer % Correct
coffee caffe
91%
milk latte
91%
lemonade limonata
91%
beer birra
89%
decaffeinated decaffeinato
89%
hot tea te caldo
89%
white wine vino bianco
89%
red wine vino rosso
89%
water acqua
86%
drinks bevande
83%
mineral water acqua minerale
80%
alcohol alco
80%
rose wine vino rosato
80%
carbonated/with gas gassata
77%
juice succo
74%
iced ghiacciata
66%
thirsty assetata
63%
water without gas naturale
63%
soda/soft drink bibita analcolica
49%
No matching quizzes found
Score Distribution
Percent of People with Each Score
Percentile by Number Answered
Your Score History
You have not taken this quiz